| 000 | 00455pam a2200181a 44500 | ||
|---|---|---|---|
| 008 | 230405s2013 xxu||||| |||| 00| 0 eng d | ||
| 041 | _aENG | ||
| 100 | _aTAHAGHOGHI M M S | ||
| 245 | _aLEARNING MY SQL | ||
| 250 | _a4TH Ed. | ||
| 260 |
_aMUMBAI _bSHROFF PUBLI _c2013 |
||
| 300 | _a598p. | ||
| 440 | _aSOURCE= BEST BOOK SUPPLEIRS KOLHAPUR | ||
| 650 | _aCOMPUTER SICENCE | ||
| 690 | _aCOMPUTER SICENCE | ||
| 700 | _aWilliams, H E | ||
| 906 | _a11479 | ||
| 999 |
_c791694 _d791694 |
||